Zwierzęta Ameryki Południowej - nagła śmierć - Statystyki

Ogólne statystyki
  • Ten quiz został rozwiązany 62 razy
  • Średni wynik to 6 z 16
Answers on the Grid
Answers color-coded by a green-red scale on the quiz's grid according to % correct below.
Mrównik
Anakonda
Kondor
Bongo
Kapibara
Kojot
Kolczatka
Fenek
Mrówkojad wielki
Gibon
Nandu szare
Gwanako
Wyjec
Ara hiacyntowa
Jaguar
Kobra królewska
Waran z Komodo
Pampasowiec grzywiasty
Tamaryna
Orangutan
Struś
Pirania
Pandka ruda
Lemur katta
Andoniedźwiedź okularowy
Tapir
Leniwiec trójpalczasty
Tilapia
Tukan
Walabia bagienna
Guziec
Rosomak
 
Statystyki odpowiedzi
Odpowiedź % Poprawnych
Jaguar
67%
Pirania
67%
Tukan
60%
Anakonda
53%
Kapibara
53%
Kondor
53%
Ara hiacyntowa
33%
Leniwiec trójpalczasty
33%
Tapir
33%
Andoniedźwiedź okularowy
27%
Mrówkojad wielki
27%
Wyjec
27%
Pampasowiec grzywiasty
20%
Tamaryna
20%
Gwanako
13%
Nandu szare
7%
Nie znaleziono quizów pasujących do podanych kryteriów
Rozkład punktacji
Procent ludzi z każdym wynikiem
Percentyl według liczby udzielonych odpowiedzi
Twoja historia wyników
Nie rozwiązałeś tego quizu